00000000nam##2200000za#4500
0019.534792
003CaOODSP
00520241203113633
007ta
008150406|2001||||xxc|||||     f|0| 0 eng|d
020 |a0-662-65526-5
040 |aCaOODSP|beng
041 |aeng
041 |afre
043 |an-cn---
0861 |aE2-136/15-2001
1101 |aCanada. |bEnvironment Canada.
24510|aSustainable transportation - the Canadian context : |ba Canadian contribution to the dialogue at the ninth session of the United Nations Commission on Sustainable Development, April 16 to 27, 2001
260 |aOttawa - Ontario : |bEnvironment Canada |c2001.
300 |aEnglish text, vi, 24p. : |billus., references ; |c28 cm.
4901 |aSustainable development in Canada monograph series|vMonograph No. 15
546 |aBilingual
563 |aSoftcover
590 |a01-19|b2001-05-11
69007|aTransport policy|2gcpds
69007|aEnvironmental management|2gcpds
69007|aTransport|2gcpds
7760#|tLe transport durable - le contexte canadien : |w(CaOODSP)9.603681
7760#|tSustainable transportation - the Canadian context : |w(CaOODSP)9.573580
792 |tLe transport durable - le contexte canadien : |efre|w(CaOODSP)9.534793
830#0|aSustainable development in Canada monograph series ;|vMonograph No. 15|w(CaOODSP)9.509222